Statistics for Biblical People Whose Names Begin with M

Click here to take the quiz!

General Stats

  • This quiz has been taken 396 times
  • The average score is 10 of 16

Answer Stats

HintAnswer% Correct
Mother of Jesus | She sat and listened to Jesus instead of helping her sisterMary
99%
Leader of the ExodusMoses
95%
One of the twelve apostlesMatthew
94%
Woman distracted by preparations for Jesus' vistMartha
80%
Sister of AaronMiriam
75%
Oldest man everMethuselah
71%
Friend of Abednego and ShadrachMeshach
68%
Founder of the Church of AlexandriaMark
60%
Son of JosephManasseh
47%
Woman cleansed of seven demonsMary Magdalene
47%
Judas' replacementMatthias
47%
He prophesied the destruction of JerusalemMicah
44%
Foiled an assasination plot against the Persian kingMordecai
43%
King of GogMagog
40%
Daughter of Saul and first wife of DavidMichal
39%

Score Distribution

Percentile by Number Answered

Percent of People with Each Score

Your Score History

You have not taken this quiz